Movies Quiz

Random Movies or Clickable Quiz

Movies of the Dispossessed Quiz Stats

 Plays Quiz not verified by Sporcle

Support Sporcle.
Go Orange.
Score 0/20 Timer 07:00
1 Play Today
% Correct
List of
97.9%
World of
96.2%
Baby of
95.3%
Labyrinth of
94.9%
Choice of
94.3%
Ladder of
91.7%
Peak of
91.3%
Ball of
90.5%
Game of
90.1%
Ashes of
87.7%
% Correct
Rib of
86.8%
Wedding of
86%
Run of
85.5%
Millions of
81.1%
Oil of
80.5%
Crossing of
78.4%
Honor of
76.6%
Bluff of
74%
Gold of
73.5%
Restaurant of
69.5%

You're not logged in!

Compare scores with friends on all Sporcle quizzes.
OR
Log In

From the Vault

Flags of Food

by sproutcm

We never thought patriotism could look so delicious.
Remove Ads.
Support Sporcle.
Get the best of Sporcle when you Go Orange. This ad-free experience offers more features, more stats, and more fun while also helping to support Sporcle. Thank you for becoming a member.

Show Comments

Extras

Top Quizzes Today


Score Distribution

Your Account Isn't Verified!

In order to create a playlist on Sporcle, you need to verify the email address you used during registration. Go to your Sporcle Settings to finish the process.

Report this User

Report this user for behavior that violates our Community Guidelines.

Details: